[Event "Samba Cup 2nd"]
[Site "Skanderborg"]
[Date "2005.10.20"]
[Round "6"]
[White "Timofeev, Artyom"]
[Black "Zhang, Pengxiang"]
[Result "1/2-1/2"]
[WhiteElo "2658"]
[BlackElo "2613"]
[Annotator "Golod,V"]
[PlyCount "101"]
[EventDate "2005.10.14"]
[EventType "tourn"]
[EventRounds "9"]
[EventCountry "DEN"]
[EventCategory "16"]
[SourceTitle "CBM 110"]
[Source "ChessBase"]
[SourceDate "2006.01.31"]
[SourceVersion "1"]
[SourceVersionDate "2006.01.31"]
[SourceQuality "1"]

1. e4 c5 2. Nf3 e6 3. d4 cxd4 4. Nxd4 Nf6 5. Nc3 Nc6 6. Nxc6 bxc6 7. e5 Nd5 8.
Ne4 Bb7 9. c4 Nb4 10. c5 Ba6 11. Bxa6 Nxa6 12. Qd4 Be7 13. Bd2 $5 {A new move.
Artyom Timofeev tried to develop his queenside before castling.} ({Previously
was played:} 13. O-O $5 O-O (13... Rb8 $6 14. Bd2 O-O 15. Rad1 Nc7 16. Ba5 Qc8
17. Nf6+ Bxf6 18. exf6 $16 {Peng,X-Zhang,Z/Heibei (zt),2001(1-0)(39)}) 14. Rd1
f5 15. exf6 Bxf6 16. Qxd7 Qxd7 17. Rxd7 Rfd8 18. Nxf6+ gxf6 19. Rd6 Nxc5 20.
Rxd8+ Rxd8 21. Be3 {+/=/= Svidler,P-Malakhov,V/Sochi,2005(1/2-1/2)(87)}) 13...
O-O 14. Rd1 Nc7 (14... f5 $5 {deserves attention:} 15. exf6 Bxf6 16. Nxf6+ Rxf6
17. O-O $14) 15. Ba5 {White's plan is clear - to prevent Black's knight from
occupying the "d5" square.} Qb8 16. Bxc7 $5 (16. Nf6+ $143 Bxf6 17. exf6 Nd5
18. fxg7 Re8 19. O-O Qb5 $14) 16... Qxc7 17. O-O {+/=/+/- White is much better
here, thanks to the advantage of his knight over Black's bishop.} (17. Qxd7 $2
Qxe5 18. Qd4 Qh5 19. O-O Rfd8 20. Nd6 Bf6 $11) 17... Rab8 18. b3 (18. Qxd7 $6
Qxe5 19. Qxa7 Qxe4 20. Qxe7 Qc2 21. b4 Qxa2 (21... Rxb4 $4 22. Rd8 $18) 22. Rd4
$14) 18... Rb7 $146 {Zhang Pengxiang prepared a stronger idea in comparison to
his previous game.} ({With the rearrangement of moves we receive a position
from the Wang Hao-Zhang Pengxiang game, which continued as follows:} 18... a5
$5 19. Rfe1 Rb7 20. Rd3 f5 21. exf6 gxf6 22. Red1 Qf4 23. Rf3 Qh6 24. Qc3 a4
25. b4 Rf7 26. a3 $16 {Wang Hao-Zhang Pengxiang/Tiayuan,2005/CBM 108 (0-1)
(Golod,V)(50)}) 19. Rd2 $6 ({Deserves serious attention:} 19. Rd3 $5 {with the
idea to reinforce the pressure on the "d" file and at the same time think
about an attack: 20.Nf6+}) 19... a5 20. f3 {A very strange move. It seems like
a "mouse slip": White wanted to play 20.f4, but something happened on the way.
To be serious, the only explanation that I found: White protect his knight in
order to take on "d7" in case of 20...Rb4.} (20. f4 $5) 20... f5 21. exf6 (21.
Nd6 $143 Bxd6 22. Qxd6 (22. exd6 $6 Qb8 $132 {[%cal Ga5a4,Yb7b4]}) (22. cxd6
Qb8 $132) 22... Qxd6 23. cxd6 Ra8 {+/=/=}) 21... gxf6 (21... Bxf6 $6 22. Qd6 a4
23. Qxc7 Rxc7 24. b4 Rb7 25. a3 $16) 22. Qe3 $6 {Allows Black to get his queen
out.} ({Much better was:} 22. Nd6 $1 {in order to close the black queen on
queenside:} Rb4 23. Qe3 Bxd6 24. Rxd6 Rf7 25. Rfd1 {+/=/+/-}) 22... Qe5 {
[%csl Re3,Ge5][%cal Gf6f5]} 23. Qf2 $6 (23. f4 $2 {is refuted by:} Bxc5 $1 24.
Qxc5 Qxe4 25. Qxa5 Qe3+ 26. Rdf2 Ra7 27. Qd2 Qxd2 28. Rxd2 Rfa8 $11) (23. Re1
$142 $14 f5 $140 $6 24. f4 $1 Qg7 (24... Qxe4 $4 25. Qg3+) 25. Nd6 Bxd6 26.
Rxd6 a4 27. Qd2 $16) 23... f5 24. Nd6 Bxd6 25. Rxd6 {White continued to keep
an advantage thanks to the better pawn structure and pressure on the "d" file.}
f4 {A good move. Zhang Pengxiang planned to attack the "c5" pawn, after 26...
Rf5.} 26. Qd4 Qxd4+ 27. Rxd4 Rf5 $11 {After the exchange of queens, the arisen
endgame is equal. Both sides don't have any obvious weaknesses, so it will be
very hard to win this position by one of the GM's. Frankly speaking, in the
game with opponents who are not fighting players, the agreement for draw in
such position was only question of the time. But Artyom Timofeev fought to the
end.} 28. Rc1 Kf7 29. Rcc4 e5 30. Rd3 Ke7 31. a3 (31. Ra4 Rb5 $11) 31... Rg5
32. Kf2 Rh5 33. Re4 Rb5 34. b4 axb4 35. axb4 Rb8 {After the exchange of the
"a" pawns Black's rook will have more space for free movement.} 36. Rd2 {
/\Rde2 קe5} Rg8 37. Kf1 (37. Rde2 Kf6 38. Kg1 Rhg5 39. Rd2 R5g7 $11) 37...
Rgg5 {Black aimed to take the "Ph2".} 38. Kg1 Rg6 39. Re1 d5 $1 40. b5 (40.
cxd6+ Rxd6 41. Rde2 Ke6 42. g4 fxg3 43. hxg3 Rd4 $11) 40... Rg8 $6 (40... cxb5
$142 41. Rxd5 Rhg5 42. Re2 (42. Rexe5+ $143 Rxe5 43. Rxe5+ Kd7 $132 {[%csl Gb5,
Rc5][%cal Yd7c6,Yc6c5,Gb5b4,Gb4b3,Gb3b2,Gb2b1]}) 42... Rc6 43. Rexe5+ Rxe5 44.
Rxe5+ Kf6 45. Rh5 Kg6 46. Rd5 b4 47. Rd4 Rxc5 48. Rxb4 Rc1+ 49. Kf2 Rc2+ 50.
Kf1 Rc1+ 51. Ke2 Rc2+ $11) 41. bxc6 $6 {White did not use the discrepancy of
the opponent.} ({This gives some chances for a win:} 41. b6 $5 Ke6 (41... Rhg5
$143 42. Ra1 Ke6 43. Ra7 R5g7 44. Rb2 Rxa7 45. bxa7 Ra8 46. Rb7 {[%csl Ga7,Yb7]
}) 42. Ra1 d4 43. Ra7 Kd5 $14) 41... Ke6 42. Rb2 (42. c7 Rc8 43. Ra1 d4 44.
Ra6+ Kd7 $11) 42... Rc8 $11 43. Rb6 Rc7 44. g3 Rf5 45. Rb8 (45. g4 $6 Rff7 46.
Kf2 Rfe7 47. h4 d4 {/\Kd5 =/+}) (45. Kf2 $5) 45... fxg3 46. Re8+ Kf7 (46... Kf6
$5 47. Rf8+ (47. hxg3 $6 Rxc6 $15 {[%csl Rc5,Rf3]}) 47... Kg6 48. Rd8 $1 gxh2+
49. Kxh2 Rh5+ 50. Kg3 d4 51. Rd5 $11) 47. R8xe5 gxh2+ 48. Kxh2 Rxf3 49. Rxd5
Rxc6 50. Rd7+ Kf6 51. Rxh7 1/2-1/2

[Event "FIDE-Wch k.o."]
[Site "Tripoli"]
[Date "2004.06.29"]
[Round "5.3"]
[White "Dominguez Perez, Leinier"]
[Black "Radjabov, Teimour"]
[Result "1/2-1/2"]
[WhiteElo "2612"]
[BlackElo "2670"]
[Annotator "Golod,V"]
[PlyCount "77"]
[EventDate "2004.06.19"]
[EventType "k.o."]
[EventRounds "7"]
[EventCountry "LBY"]
[SourceTitle "CBM 102"]
[Source "ChessBase"]
[SourceDate "2004.09.23"]
[SourceVersion "1"]
[SourceVersionDate "2004.09.23"]
[SourceQuality "1"]

1. e4 c5 2. Nf3 Nc6 3. Nc3 e6 4. d4 cxd4 5. Nxd4 Nf6 6. Nxc6 bxc6 7. e5 Nd5 8.
Ne4 Qc7 9. f4 Rb8 $6 {In the last years strong chess players do not go on this
line,as he is considered very dangerous to them.} 10. a3 {Logical answer.By
protecting square "b4", White wants to proceed "c4".} ({Repeatedly were
checked up in previous games:} 10. Bd3 $5 {You can see my annotations to games:
Adams,M-Radjabov,T/Enghien les Bains,2003/CBM 96(1-0)(29) and Naiditsch,
A-Radjabov,T/Dortmund 2003/CBM 97(1-0)(48)}) 10... Qa5+ 11. c3 ({Pretty
dubiously:} 11. Bd2 $6 {in view of:} Qb6 {[%csl Rb2,Re3][%cal Gd5e3]}) 11...
Ba6 $2 {Very principle move,Black wants to exchange the white color bishops,
but it looks like he had to pay too much for it.} (11... Qb6 $142 12. Qd3 {/\c4
} f5 13. exf6 Nxf6 14. Nxf6+ gxf6 15. Be2 $14 {Tatai,S-Todorovic,G/Budapest,
2003(0-1)(33)}) 12. b4 $1 $146 (12. Bd3 $143 Bxd3 13. Qxd3 f5 14. exf6 Nxf6 15.
Nxf6+ gxf6 16. O-O Qd5 $11 {Arakhamia,K-Fakhiridou,E/Istanbul,2003(1/2-1/2)(51)
}) 12... Qb6 (12... Nxb4 $4 {is refuted by:} 13. cxb4 Bxb4+ 14. Kf2 $18) 13. c4
Nxb4 $5 {It looks like Black has no enough compensation for the sacrificed
piece,however he has no other choice at all.} ({Of course not:} 13... Nc7 $4
14. Nd6+ Bxd6 15. exd6 Na8 16. c5 $18 {[%csl Ga3,Ra8,Gb4,Gc5,Gd6]}) 14. axb4
Bxb4+ 15. Ke2 ({In my opinion,more accurate way to get a clear advantage was:} 
15. Bd2 $5 Qd4 ({Gives nothing:} 15... Qe3+ $2 16. Qe2 Bxd2+ 17. Nxd2 Qc3 18.
Rxa6 Rb1+ 19. Kf2 Rb2 20. Qe3 Rxd2+ 21. Be2 $18) 16. Bxb4 Qxe4+ 17. Qe2 Qxf4 (
17... Qd4 18. Rd1 Qxf4 19. Bc5 {[%csl Re8][%cal Gg2g3,Gf1g2] +/-/+-}) 18. g3
Qf5 19. Bd6 $18 {The best position for the bishop!}) 15... Bxc4+ 16. Kf3 Bd5 {
/^a8-h1; עf3} 17. Be3 Qd8 {[%cal Gf7f5]} (17... Bc5 18. Bd3 $1 {/\Rb1} (18.
Bxc5 $143 Qxc5 $44 {/\Rb2}) 18... Bxe3 19. Rb1 Qc7 20. Rxb8+ Qxb8 21. Kxe3 Qb6+
22. Ke2 O-O 23. Qa1 {/\Rb1 +/-}) 18. Bd3 {Possible was to accept another pawn
sacrifice,but White decided to develop his pieces first.} (18. Bxa7 $5 Rb7 19.
Bd3 $16) 18... a5 19. Kf2 {/\Ng5|^} Be7 20. Qc2 {/^a2-h7; קh7} O-O 21. Rhb1
$16 {Black has enough material compensation for the piece,but his position is
very difficult: Pa5 is weak,White has a full control over the dark squares.}
Bb4 22. g3 (22. Kg1 $5) 22... f5 23. Nc3 $6 ({More active solution was:} 23.
exf6 $1 gxf6 (23... g6 24. Bd4 $18) 24. Nc5 {[%csl Ra6,Rb4,Rb8,Rh7][%cal Gc5a6,
Gd3h7]} f5 25. Na6 Rb7 26. Ra4 c5 27. Bxc5 Bxc5+ 28. Qxc5 $18 {Already only
two pawns behind knight and Pa5 is a weakness.}) 23... Qe7 24. Nxd5 cxd5 25.
Rc1 Qf7 26. Be2 {[%csl Ye2][%cal Ye2h5]} g5 $5 {Position of Black is very
difficult ,so he tries to create activity on the king side.} 27. Qd3 $1 {
Calm answer,declining a next sacrifice.} (27. fxg5 d6 28. exd6 Bxd6 {/\f4 +/-})
27... gxf4 28. Bxf4 Qg7 29. Rc7 {<->c} Rfd8 30. Qe3 Ra8 31. Bb5 {/^a4-e8; קd7}
Rab8 32. Ba4 Bf8 33. Bg5 Rdc8 (33... Be7 34. Bxe7 Qxe7 35. Kg1 $18) 34. Rac1
Rxc7 35. Rxc7 h6 36. Bxd7 $4 {Really strange move.White worked hard during the
whole game and got an almost winning position and then he threw it in one move.
The most logical and the right answer was:} (36. Bf4 Rb2+ 37. Kg1 Rb1+ 38. Kg2
Rb2+ 39. Rc2 Rb4 40. Ra2 Rc4 {/\Bc5} 41. Bb5 Bc5 42. Qd2 ({Also good enough is:
} 42. Qf3 Rb4 43. Rxa5 $18) 42... Bb4 43. Qf2 Bc5 (43... Rc5 44. Be2 {/\Be3-d4
+-}) 44. Qf1 Rc3 45. Rxa5 $18 {[%csl Rd7][%cal Ga5a8,Ga8d8]}) 36... Qxg5 37.
Bxe6+ Kh8 38. Qxg5 hxg5 39. Bxd5 ({After:} 39. Bxd5 {Teimour Radjabov is
agreed for draw, because of next variant:} Rb5 40. Rd7 Bc5+ 41. Ke2 Rb2+ 42.
Kd3 Rxh2 $11) (39. Bxf5 $5 Re8 40. e6 a4 $132 {[%csl Ga4,Yf8][%cal Ga4a3]})
1/2-1/2

[Event "Yerevan zt 1.5"]
[Site "Yerevan"]
[Date "2000.06.13"]
[Round "7"]
[White "Khachiyan, Melikset"]
[Black "Halkias, Stelios"]
[Result "0-1"]
[WhiteElo "2462"]
[BlackElo "2482"]
[Annotator "Golod,V"]
[PlyCount "78"]
[EventDate "2000.06.07"]
[EventType "swiss"]
[EventRounds "9"]
[EventCountry "ARM"]
[SourceTitle "CBM 078"]
[Source "ChessBase"]
[SourceDate "2000.10.18"]
[SourceVersion "1"]
[SourceVersionDate "2000.10.18"]
[SourceQuality "1"]

1. e4 c5 2. Nc3 Nc6 3. Nf3 e6 4. d4 cxd4 5. Nxd4 Nf6 6. Nxc6 bxc6 7. e5 Nd5 8.
Ne4 Bb7 $5 (8... Qc7 $5 {Is the main line.See comments to Hector,J-Ziegler,A/
Goteborg 1999/CBM 69(1-0)(Golod,V)(37) Besides:8...Qa5;8...f5;8...Qh4;8...Ba6;
8...Be7;8...Qb6;8...c5 and 8...h6-was checked in the previous games.}) 9. c4 $5
{[%mdl 4]} ({In my opinion slightly worse is:} 9. Be2 {See comments to Anand,
V-Leko,P/Dortmund,1999/CBM 72 (1/2-1/2)(Golod,V)(29)}) 9... Nb4 {It's best
move.} ({Weakly:} 9... Bb4+ {in view of:} 10. Bd2 Qh4 11. Bd3 $1 (11. Qf3 $143
{[%csl Rb7,Re8][%cal Ge4d6]} f5 12. exf6 Bxd2+ 13. Kxd2 O-O $1 (13... Nxf6 $2
14. Nd6+ Ke7 15. Nxb7 Rhb8 16. Qa3+ $18) 14. cxd5 cxd5 15. Ng3 (15. Qg3 $2 Qh6+
$15) 15... Rxf6 $44) 11... Ba6 ({loses right away:} 11... Ne3 $2 12. Qf3 Bxd2+
13. Kxd2 Nf5 14. g4 $18 {[%csl Rb7,Re8][%cal Ge4d6]}) 12. g3 $1 (12. Bxb4 $2
Nxb4 13. Nd6+ Ke7 14. Be4 {[%csl Rb4][%cal Ga2a3]} Qf4 15. a3 Qxe5 16. axb4
Bxc4 17. Nxc4 Qxe4+ 18. Ne3 Qxb4+ 19. Qd2 $11) 12... Bxd2+ (12... Qd8 $2 13.
Be2 $18) 13. Qxd2 Qh5 14. cxd5 Bxd3 15. Qxd3 Qxe5 16. O-O cxd5 17. Nc3 {+/-/+-}
) ({Quite badly:} 9... Qh4 {because of:} 10. Qd4 $1 {[%csl Rd5,Rh4][%cal Ge4d6,
Gg2g3]}) 10. Bd2 $146 ({After logiccaly move:} 10. c5 $5 {interestingly:} Qh4 (
10... Qb8 $6 11. f4 Ba6 12. a3 Bxf1 13. Rxf1 Nd5 14. Qd4 Be7 15. f5 exf5 16.
Rxf5 O-O 17. Bd2 $14 {Topalov,V-Illescas Cordoba,M/Cala Galdana,1999 (1-0)(22)}
) 11. g4 $140 {[%csl Rh4][%cal Gc1g5]} (11. Bd3 $5) 11... Be7 $5 $13 (11... h5
$2 12. Qb3 $1 a5 13. a3 Qxg4 14. f3 $18)) 10... c5 {After this move black has
a normal game.} ({Also can be recommended:} 10... Qh4 $5 11. g4 (11. Nc3 $2 Bc5
) (11. Ng3 $5 d5 $13) 11... h5 $13) 11. Bxb4 ({Dubious:} 11. Nd6+ Bxd6 12. exd6
Qf6 13. Bc3 (13. a3 $143 Nc6 14. Bc3 Nd4 $15) 13... Qg6 {[%csl Rg2][%cal Gb4c2]
} 14. Bxb4 cxb4 {with better position of black.}) 11... Bxe4 ({Senselessly:} 
11... cxb4 $2 12. Nd6+ Bxd6 13. Qxd6 {and white has a positional advantage.})
12. Bc3 Qc7 $5 {/\Qc6;/^a8-h1} ({Another options is:} 12... Qg5) 13. Qg4 $5 {
This move a little better,than:} (13. f3 Bb7 (13... Bg6 $143 14. Bd3 {+/=/=})
14. Bd3 d5 $11) 13... Qc6 $140 14. f3 ({It deserves attention:} 14. Rd1 {
[%csl Yd1][%cal Yd1d6]}) 14... Bf5 15. Qf4 ({Probably,better is:} 15. Qg3 $5 {
[%csl Gg3,Rg7]}) 15... d6 {Make made the game approximately equal.} 16. Rd1
dxe5 (16... Rd8 $143 17. Be2 $36 {[%csl Gd1,Rd8]}) 17. Qxe5 ({Also leads to
equal position:} 17. Bxe5 f6 18. Bc3 Be7 19. Bd3 Bxd3 20. Rxd3 Rd8 21. Rxd8+
Bxd8 22. O-O Bc7 23. Qg4 O-O {and so on.}) 17... f6 18. Qe3 Be7 19. Bd3 Bxd3
20. Rxd3 Kf7 $1 {[%cal Gh8d8]} ({Black lose at tempo after:} 20... O-O 21. O-O
Rfd8 22. Rfd1 Rxd3 23. Rxd3 Rd8 {[%cal Gg8f7]}) 21. Kf2 Rad8 22. Rhd1 Rxd3 23.
Rxd3 Rb8 $1 {[%csl Gb8] <->b;/\a5-a4 or Qa4(קa2).} ({Very badly:} 23... Rd8 $2
{in view of:} 24. Rxd8 Bxd8 25. Qd3 {[%csl Rd8,Rh7]}) 24. f4 $6 {It's a little
positional mistake.} ({It is necessary:} 24. b3 {[%csl Ya2,Yb3,Yc4]}) 24... Qa4
$6 {[%csl Ra2,Rc4]} (24... a5 $142 {[%csl Rb2,Gb8][%cal Ga5a4]}) 25. Qe4 $8
Qc2+ ({Very perilously:} 25... Qxa2 {because of:} 26. Rd7 $36) 26. Kf3 {
[%cal Gd3d7]} f5 $5 {Now black has a eternal weakness-pawn "e6",but
differently after:} (26... Rd8 27. Rxd8 Qxe4+ 28. Kxe4 Bxd8 {white has a small
advantage in the B endgame.}) 27. Qe2 ({Another alternative is:} 27. Qe3 Rd8 (
27... Qa4 $2 {[%csl Ra2,Rc4]} 28. Qe5 Rg8 29. Qc7 $1 Qxc4 30. Rd7 Re8 31. Qe5
$40) 28. Rxd8 Bxd8 $11 29. Qxc5 $140 $4 Bb6 $19 {[%csl Gb6,Gc2,Rf3][%cal Gc2f2]
}) 27... Qxe2+ 28. Kxe2 Rb7 $11 {[%csl Yb7][%cal Yb7d7] _|_} 29. Kd2 (29. b3
$142 $5) 29... g5 30. g3 ({A little worse is:} 30. Ke3 gxf4+ 31. Kxf4 Bf6 {
=/=/+}) 30... h5 {[%cal Gh5h4]} 31. Be5 $6 ({From my point of view much better
is:} 31. b3) 31... gxf4 32. gxf4 Bf6 33. Kc3 $6 ({Again better is:} 33. b3 $11)
33... Bxe5+ 34. fxe5 Kg6 {/\f4 and Kf5(קe5)} 35. Rd6 Re7 36. Kd3 Kg5 {[%cal
Gg5f4]} 37. Ke3 $6 {Regular inaccuracy!} (37. Rc6 $142 Kf4 38. Rxc5 Rg7 $132 {
[%cal Gg7g2]}) 37... f4+ 38. Ke4 Rf7 39. Rxe6 $4 {Probably it's zeitnot
blunder.} ({It is necessary:} 39. Kf3 Kf5 40. Rc6 Rd7 $1 (40... Kxe5 41. Rxc5+
Kd4 42. Rb5 $1 (42. Rxh5 $2 e5 $17 {[%csl Ge5,Gf4][%cal Ge5e4]}) 42... Kxc4
$140 (42... e5 $2 43. Rd5+ Kxc4 44. Rxe5 $16) 43. Re5 $11) 41. Rd6 $140 Rb7 (
41... Rxd6 $4 42. exd6 Kf6 43. Kxf4 e5+ 44. Ke4 Ke6 45. d7 Kxd7 46. Kxe5 $18)
42. b3 Kxe5 43. Rc6 Kf5 44. Rxc5+ e5 $15) 39... f3 $19 {[%csl Gf3][%cal Gf3f2,
Gf2f1]} (39... f3 40. Rf6 (40. h4+ Kxh4) (40. Rd6 f2 41. Rd1 f1=Q 42. Rxf1 Rxf1
$19) 40... Rxf6 41. exf6 f2 42. f7 f1=Q $19 {[%csl Yf1]}) 0-1

[Event "Corus-B"]
[Site "Wijk aan Zee"]
[Date "2004.01.22"]
[Round "10"]
[White "Fressinet, Laurent"]
[Black "Zhu, Chen"]
[Result "1-0"]
[WhiteElo "2636"]
[BlackElo "2495"]
[Annotator "Golod,V"]
[PlyCount "109"]
[EventDate "2004.01.10"]
[EventType "tourn"]
[EventRounds "13"]
[EventCountry "NED"]
[EventCategory "13"]
[SourceTitle "CBM 099"]
[Source "ChessBase"]
[SourceDate "2004.03.30"]
[SourceVersion "1"]
[SourceVersionDate "2004.03.30"]
[SourceQuality "1"]

1. e4 c5 2. Nf3 e6 3. d4 cxd4 4. Nxd4 Nf6 5. Nc3 Nc6 6. Nxc6 bxc6 7. e5 Nd5 8.
Ne4 Qc7 9. f4 Qb6 10. c4 Bb4+ 11. Ke2 f5 12. Nf2 Ba6 13. Kf3 Ne7 14. Be3 Bc5
15. Bxc5 Qxc5 16. Qd6 Qb6 17. b3 c5 18. Be2 $5 {Comments to this part of the
game,also to 18.Kg3 and:} (18. Rd1 $5 {You can find in annotations to Zubarev,
A-Eljanov,P/Kharkov,2001/CBM 83(1-0)(Golod,V)(55)}) 18... Kf7 ({Also once were
checked in the preceding games:} 18... Rc8 19. Rhd1 Rc7 20. Ke3 $14 {You can
see comments to Shirov,A-Krasenkow,M/Polanica Zdroj,1998/CBM 67(1-0)(Shirov,A)
(56)}) ({and} 18... Nc6 19. Kg3 Nd4 20. Bh5+ g6 21. Bf3 Rc8 22. Rhd1 Qxd6 23.
exd6 Nxf3 24. gxf3 $14 {Kovalev,A-Rogovskoy,A/Pardubice,2002(1-0)(43)}) 19. Ke3
$5 $146 {[%cal Ye2f3] White wants immediately to make active the bishop.} ({
The game,which have reached this position were continued as follows:} 19. Rhd1
Rhd8 20. Ke3 Bb7 21. Bh5+ Kf8 22. Bf3 Bxf3 23. gxf3 Rac8 24. Qxb6 axb6 25. Rd6
Rc6 $11 {Adams,M-Ivanchuk,V/Frankfurt,2000(1/2-1/2)(40)}) (19. Qxd7 $6 Rhd8 20.
Qa4 Bb7+ {[%csl Rf3,Rg2]} 21. Kg3 Rd2 $44) 19... Bb7 20. Bf3 {For White it is
certainly favourable to exchange these bishops.} Bxf3 21. gxf3 $5 {[%csl Ye5,
Yf3,Yf4] <->g; [+] Position of White more preferably at the expense of the
best pawn chain.} ({Also good enough:} 21. Kxf3 Rhd8 (21... Qxd6 $143 22. exd6
Nc8 23. Rhd1 {[%csl Rc5,Rd7,Gf2][%cal Gf2d3]}) 22. Rad1 $14) 21... Rhd8 (21...
Qxd6 $6 22. exd6 {[%cal Gf2d3,Gd3e5]} Nc8 23. Rhd1 {[%csl Rc5,Rd7][%cal Gf2d3]
with the idea: Rd2 and Nd3.}) 22. Rhg1 Nc8 ({Leads to favourable
simplifications for White:} 22... Qxd6 23. exd6 Nc8 24. Rad1 {[%csl Rc5,Rg7]
[%cal Gf2d3]} g6 25. Rg2 $1 {[%cal Gg2d2]} Rb8 26. Nd3 Nxd6 27. Nxc5 Ke7 28.
Rgd2 Rb6 29. Nd3 {[%cal Gd3e5,Gc4c5]} Nf7 30. Ne5 $14) 23. Qd2 {+/=/=} (23.
Qxb6 $143 axb6 {/\d6 or d5 with easy equality.}) 23... d5 $1 {Black have
calculated precisely all consequences of this move.} 24. exd6 Nxd6 (24... Qxd6
$6 25. Qxd6 Nxd6 26. Nd3 Rac8 27. Ne5+ Kf6 28. Rad1 $14) 25. Qc3 (25. Nd3 $143
Kg8 26. Qc3 Rd7 27. Ne5 Rb7 28. Rad1 a5 $132 {[%cal Ga5a4]}) 25... Ne8 {
[%csl Rd4][%cal Gd8d4]} 26. Rad1 {White prevent a following strong move: Rd4.}
a5 27. Rxd8 $1 {The exchange of RR for the benefit of White,because their K is
located at the centre.} Rxd8 28. Rd1 Rxd1 29. Nxd1 Qb4 $1 ({A little
prematurely:} 29... a4 {in view of:} 30. bxa4 Nd6 $140 {[%csl Ra4,Rc4][%cal
Gb6a6]} 31. Ke2 {[%csl Ra4,Rc4][%cal Yd1b2,Yb2a4,Yb2c4]} (31. a5 $2 Qxa5 $1 $17
{[%csl Re3][%cal Gd6c4]}) 31... Qd8 {[%csl Rh2][%cal Gd8h4]} 32. a5 $14 {
[%csl Ga5]}) 30. Kd2 ({After:} 30. Qxb4 $2 axb4 {Black has a obvious advantage
in endgame:} 31. Nf2 Nf6 32. Nd3 Nd7 $15 {[%cal Gf7f6,Gg7g5]}) 30... Nf6 ({
Can be recommended:} 30... h6 $5 {/\g5}) 31. Nf2 {[%csl Rf4][%cal Yf2d3,Gd3b4]}
Qa3 32. Qc2 Nd7 $6 {Besides Black has two main alternatives:} (32... a4 $6 33.
Nd3 axb3 34. Qxb3 $1 (34. axb3 $143 Nd7 $11) 34... Qxb3 (34... Qa7 $2 35. a4
Qc7 36. Qb5 {[%csl Ga4,Rc5][%cal Ga4a5]}) 35. axb3 Nd7 36. Kc3 Ke7 37. b4 $14)
({and} 32... Qb4+ $5 33. Qc3 $140 (33. Ke2 $5 {[%cal Gf2d3]} Nd7 34. Nd3 Qb8
35. Qc3 Qc7 $11) 33... Qa3 34. Qc2 Qb4+ $11) 33. Nd3 {[%csl Ra3]} Ke7 34. Ke3
a4 $4 {Absolutely unjustified sacrifice of the pawn.} ({It was necessary:} 
34... Kf6 $5 {and it is not clear,as White can use a unsuccessful position of
the Black's queen on "a3".}) 35. bxa4 $16 Kd6 36. Qb3 $1 {After exchange of
the queens White receive a absolutely won NN endgame.} Qxb3 37. axb3 Nb8 38.
Ne5 {[%csl Rb8,Ge5]} Na6 39. Kd2 $18 {White has a absolutely winning position,
but for realization of material advantage is required the certain time.} Nb4
40. Kc3 Na2+ 41. Kd2 {Sometimes it is desirable to repeat the moves.} Nb4 42.
a5 {/\Nd3,Kc3 and b4} Na6 (42... Kc7 $143 43. Nd3 {[%csl Rb4,Rc5]} Na6 $8 (
43... Kc6 $2 44. Nxb4+ cxb4 45. Kd3 Kc5 46. Ke3 {[%cal Ge3d4]} h6 47. h4 g6 48.
Kd3 h5 49. Ke3 $22 $18 {[%cal Ge3d4]}) 44. Kc3 $18 {[%cal Gb3b4]}) 43. Kc3 Kc7
44. Nd3 g6 45. b4 $18 {[%cal Gb4b5] The rest is the matter of technics.} cxb4+
$8 46. Nxb4 Nc5 47. Nd3 Nb7 (47... Na6 $144 48. Kd4 Kd6 49. c5+ {[%cal Gd4e5,
Gd4c4]}) 48. Kb4 {[%cal Ga5a6]} Nd6 49. Nc5 $1 {[%csl Re6]} e5 50. fxe5 Nf7 51.
f4 Nd8 52. Kb5 Nc6 53. Ne6+ Kd7 54. Kb6 Nb4 (54... Kxe6 55. Kxc6 g5 56. a6 gxf4
57. a7 {[%cal Ga7a8]}) 55. Nc5+ {[%csl Ga5,Ge5]} 1-0